Missing Word: TV EA - EZ Quiz Stats

 Plays Quiz Updated Sep 27, 2018

Score 0/18 Timer 04:00
0 Plays Today
TV Show Answer % Correct
Everybody Loves ___ (R)Raymond
94.3%
Eleventh ___ (H)Hour
91.6%
Everybody Hates ___ (C)Chris
89.4%
Extreme Weight ___ (L)Loss
89.1%
Ed, Edd n ___ (E)Eddy
84.8%
Every Witch ___ (W)Way
65.9%
Ellery ___ (Q)Queen
63.4%
Eerie, ___ (I)Indiana
62.9%
Eat: The Story of ___ (F)Food
62.6%
TV Show Answer % Correct
Extreme ___ (M)Makeover
61.8%
Enemy at the ___ (D)Door
59%
Earthworm ___ (J)Jim
40%
Ex on the ___ (B)Beach
36.8%
Eli ___ (S)Stone
24.7%
Exchange Student ___ (Z)Zero
18.7%
Engaged and ___ (U)Underage
16.5%
Expedition ___ (A)Africa
11.5%
Eliot ___ (K)Kid
7.2%

Today's Daily Dose

You're not logged in!

Compare scores with friends on all Sporcle quizzes.
OR
Log In

Sporcle TV

Today on Sporcle TV


Watch our educational content, quiz creation guides, and fun videos on Sporcle TV.

Show Comments

Extras

Top Quizzes Today


Score Distribution

Your Account Isn't Verified!

In order to create a playlist on Sporcle, you need to verify the email address you used during registration. Go to your Sporcle Settings to finish the process.

Report this User

Report this user for behavior that violates our Community Guidelines.

Details: